000 01016nam0a22002411 4500
001 rc\4480257
005 20130416170442.1
035 _a(NLR Aleph) 008215192
090 _a8121447
_c8121447
100 _a20130416d1963 |||y0rusy50 ca
101 0 _arus
102 _aRU
105 _aa z |||||
200 1 _aВысокопроизводительная заточка и доводка твердосплавных пластин
_fГос. Ком. Совета Министров РСФСР по координации науч.-исслед. работ. Гос. Науч.-исслед. ин-т науч. и техн. информации
210 _aМосква
_cБ. и.
_d1963
215 _a16 с.
_cчерт.
_d14
225 1 _aПередовой научно-технический и производственный опыт
_v№ 14-63-363/1
700 1 _aКузнечиков
_bП. С.
801 0 _aRU
_bNLR
_gpsbo
801 1 _aRU
_bELAR
_2rusmarc
852 _aNLR
_jП11/2295
942 _cBOOK
980 _aNB